Mittelrheinische malerei 1800-1900 (Record no. 4954)

MARC details
000 -CABECERA
campo de control de longitud fija 00720nam a2200217 a 4500
001 - NÚMERO DE CONTROL
campo de control BRCA_5260
005 - FECHA Y HORA DE LA ÚLTIMA TRANSACCIÓN
campo de control 20190320205016.0
008 - DATOS DE LONGITUD FIJA--INFORMACIÓN GENERAL
campo de control de longitud fija 301110s1939----gw-a######---#000-0#ger-#
041 ## - CÓDIGO DE LENGUA
Código de lengua del texto/banda sonora o título independiente ger
044 ## - CÓDIGO DEL PAÍS DE LA ENTIDAD EDITORA/PRODUCTORA
Código MARC del país gw
050 #4 - SIGNATURA TOPOGRÁFICA DE LA BIBLIOTECA DEL CONGRESO
Número de clasificación Z2680
Número de documento/Ítem .M58
-- 1939
245 10 - MENCIÓN DE TÍTULO
Título Mittelrheinische malerei 1800-1900
Resto del título katalog der von der Stadt Wiesbaden veranstalteten austellung.
260 ## - PUBLICACIÓN, DISTRIBUCIÓN, ETC.
Lugar de publicación, distribución, etc. Wiesbaden, Alemania
Nombre del editor, distribuidor, etc. Nassauisches, Landesmuseum
Fecha de publicación, distribución, etc. 1939
300 ## - DESCRIPCIÓN FÍSICA
Extensión 27 p.
Otras características físicas il., 8 láminas
Dimensiones 19 cm.
500 ## - NOTA GENERAL
Nota general Catálogo de la exposición realizada en Wiesbaden, Alemania, 25 abril - 11 junio, 1939
500 ## - NOTA GENERAL
Nota general E79
650 14 - PUNTO DE ACCESO ADICIONAL DE MATERIA--TÉRMINO DE MATERIA
Término de materia o nombre geográfico como elemento de entrada Exposiciones
Subdivisión de forma Catálogos
9 (RLIN) 13472
651 #4 - PUNTO DE ACCESO ADICIONAL DE MATERIA--NOMBRE GEOGRÁFICO
Nombre geográfico Alemania
Subdivisión geográfica Wiesbaden
9 (RLIN) 13473
902 ## - CATALOGADOR
Iniciales GFM
942 ## - ELEMENTOS DE PUNTO DE ACCESO ADICIONAL (KOHA)
Fuente del sistema de clasificación o colocación Library of Congress Classification
Tipo de ítem Koha Libros
Holdings
Estado de retiro Estado de pérdida Estado dañado No para préstamo Localización permanente Ubicación/localización actual Fecha de adquisición Número de inventario Total de préstamos Signatura topográfica completa Código de barras Fecha visto por última vez Precio válido a partir de Tipo de ítem Koha
El ejemplar forma parte de la colección y puede ser consultado según las políticas vigentes.       Biblioteca del Museo Franz Mayer (Rogerio Casas-Alatriste) Biblioteca del Museo Franz Mayer (Rogerio Casas-Alatriste) 30/11/2010 E79   Z2680 .M58 1939 (E79) 5695 22/03/2019 22/03/2019 Libros